000 005120000a22001810004500
003 MACL
005 20160226140803.0
008 160226b xxu||||| |||| 00| 0 eng d
040 _aMACL
_cMACL
041 _aHindi
082 _a800
100 _aशिवशंकर शर्मा
_940648
245 _aमाटी की गंघ
260 _bसाहित्‍यार्चन समिति
_c1974
_aहरसूद
350 _a20
650 _aLiteracture
_939932
942 _cHIN
_k800
_2ddc
999 _c26756
_d26756